| 000 | 00534cam a22001932 4500 | ||
|---|---|---|---|
| 001 | 0000006159 | ||
| 005 | 20151217152013.0 | ||
| 008 | 070920s xx 000 0 eng d | ||
| 020 |
_a8174091609 : _cKES 765 |
||
| 040 |
_aKABU _cKABU |
||
| 100 | 1 |
_aSarkar, N. _@0000157551 |
|
| 245 | 1 | 0 | _aElements of digital communication. |
| 260 |
_aDelhi : _bKhanna, _c2003. |
||
| 300 | _axiv, 544 p. | ||
| 650 | 0 |
_aDigital communications. _@0000157685 |
|
| 908 | _a070920 | ||
| 950 | _@1 | ||
| 999 |
_c7208 _d7208 |
||